000 00917nam0a22002531 4500
001 rc\2926798
005 20260407071229.0
035 _a(NLR Aleph) 007076555
090 _a6433754
_c6433754
100 _a20110817d1939 |||y0rusy50 ca
101 0 _arus
102 _aRU
105 _ay z |||||
200 1 _aˆ"‰Н.Г. Чернышевский - литературный критик"
210 _a[Москва]
_cБ. и.
_d[1939]
215 _aС. III-XVI
300 _aВ кн.: Чернышевский, Н.Г. Литературно-критические статьи. М. Гослитиздат. 1939
700 1 _4070
_7ca
_8rus
_aЩербина
_bВ. Р.
_cд-р филол. наук
_f1908-1989
_gВладимир Родионович
_3RU\NLR\AUTH\770277807
_92649774
801 0 _aRU
_bNLR
_gpsbo
801 1 _aRU
_bELAR
_2rusmarc
852 _aNLR
_j39-3/870
942 _cBOOK
980 _aNB